Agrarinio kraštovaizdžio formavimo dokumentų Lietuvoje retrospektyvinė analizė
| Titel: | Agrarinio kraštovaizdžio formavimo dokumentų Lietuvoje retrospektyvinė analizė |
|---|---|
| Verfasser: | |
| In: |
Geografijos metraštis, Band 30 (1997), Seite 234-239 alle Artikel anzeigen |
| Veröffentlicht: | 1997 |
| Format: | Aufsatz |
| Sprache: | Litauisch |
X
alg: 39294371 001A $01999:11-11-16 001B $01999:27-04-21 $t20:52:38.000 001C $06050:19-11-16 $t09:31:05.000 001D $01999:11-11-16 001U $0utf8 001X $00 002@ $0Aox 003@ $0392943719 007A $0392943719 $aHEB 007T $0Herde11691 010@ $alit 011@ $a1997 021A $aAgrarinio kraštovaizdžio formavimo dokumentų Lietuvoje retrospektyvinė analizė 028A $aKavaliauskas $dPaulius 031A $d30 $h234-239 $j1997 037A $aabstract S. 408 037A $aengl. Res. 239: Retrospektive analysis of the documents on rural landscape planning in Lithuania 039B $aIn $8--Abvc--. Geografijos metraštis. - Vilnius : Akad., 1981-. - ISSN 0132-3156 $x199700000300000766 $9048472980 045F $a630.94793 $eDDC23BSB 045F/01 $a630.9 045F/03 $g4793 045T $a14 lok: 39294371 78 exp: 39294371 78 1 #EPN 201B/01 $019-04-17 $t11:42:43.000 201U/01 $0utf8 203@/01 $0789053993 208@/01 $a11-11-16 $be 209A/01 $a/ $f000 $x00 220C/01 $aTitelaufnehmer: pk 220C/01 $aHerkunft: LII Vilnius / Irena Tumelytė;Baltische Bibliographie / P. Kaegbein 237A/01 $aweiterführende Signatur(en): HI: 45 II AZ 1 244Z/01 $2Trx $#Litauen $#Lithuania $#Litwa $#Litva $#Litva $8--Trx--Lietuva $x01 $9391193457 244Z/01 $2Trx $#põllumajandus $#žemės ūkis $#agriculture $#mezögazdaság $#rolnictwo $#poľnohospodárstvo $#zemědělství $8--Trx--Landwirtschaft $x02 $9391356275 244Z/01 $2Trx $8--Trx--Zeitschriftenaufsatz $x03 $9391384341 245Z/01 $a09.03 $x01 247C/01 $82080>Marburg/Lahn, Herder-Institut, Forschungsbibliothek, Bibliographieportal $9336309341
| LEADER | 00000caa a22000002c 4500 | ||
|---|---|---|---|
| 001 | 392943719 | ||
| 003 | DE-603 | ||
| 005 | 20210427205238.0 | ||
| 007 | tu | ||
| 008 | 161111s1997 xx |||| | u00||u|lit c | ||
| 035 | |a (DE-599)HEB392943719 | ||
| 040 | |a DE-603 |b ger |c DE-603 |d DE-603 | ||
| 041 | |a lit | ||
| 082 | 0 | 4 | |8 1\u |a 630.94793 |q DE-101 |2 23/BSB |
| 084 | |a 14 |2 ssgn | ||
| 085 | |8 1\u |b 630.9 | ||
| 085 | |8 1\u |z 2 |s 4793 | ||
| 100 | 1 | |a Kavaliauskas, Paulius | |
| 245 | 0 | 0 | |a Agrarinio kraštovaizdžio formavimo dokumentų Lietuvoje retrospektyvinė analizė |
| 264 | 0 | |c 1997 | |
| 500 | |a abstract S. 408 | ||
| 500 | |a engl. Res. 239: Retrospektive analysis of the documents on rural landscape planning in Lithuania | ||
| 773 | 0 | 8 | |i In |t Geografijos metraštis |d Vilnius : Akad., 1981- |x 0132-3156 |g Band 30 (1997), Seite 234-239 |w (DE-603)048472980 |w (DE-600)990309-4 |
| 924 | 0 | |9 2080 |a (DE-603)789053993 |b DE-2080 |c HES |d d |g / | |


